Dance Moms - Casting - Statistiques

Statistiques générales
  • Ce quiz a été pris 26 fois
  • Le résultat moyen est 33 sur 82
Statistiques - réponses
Hint Réponse % Correct
Dance Moms Professeure Abby
100%
Dance Moms Danseuses Mackenzie
100%
Dance Moms Danseuses Maddie
100%
Dance Moms Danseuses Kendall
94%
Dance Moms Danseuses Nia
94%
Dance Moms Danseuses Brooke
88%
Dance Moms Danseuses Chloé
88%
Dance Moms Danseuses Paige
88%
Dance Moms Mères Christi
82%
Dance Moms Assistante Gianna
82%
Dance Moms Mères Kelly
82%
Dance Moms Mères Melissa
82%
Dance Moms Mère Holly
76%
Dance Moms Mère Jill
71%
Dance Moms Danseuses Kalani
71%
Dance Moms Danseuses Vivi-Ann
71%
Dance Moms Danseuses JoJo
65%
Dance Moms Danseuses Payton
65%
Dance MomsMini Team Danseuses Peyton
65%
Dance Moms Danseuses Brynn
59%
Dance Moms Mères Cathy
59%
Dance MomsMini Team Danseuses Elliana
59%
Dance MomsSaison 8 Danseur/ses Elliana
59%
Dance MomsMini Team Danseuses Lilliana
59%
Dance MomsSaison 8 Danseur/ses Lilliana
59%
Dance Moms Danseuses Sarah
59%
Dance MomsSelect Ensemble Danseuses Sarah
59%
Dance MomsSelect Ensemble Danseuses Sarah
59%
Dance MomsSaison 8 Danseur/ses Sarah
59%
Dance Moms Danseuses Asia
53%
Dance MomsSelect Ensemble Danseuses Ava
47%
Dance Moms Mère Jessalynn
47%
Dance MomsSaison 8 Danseur/ses Brady
41%
Dance Moms Mères Christy
41%
Dance MomsSelect Ensemble Mères Christy
41%
Dance MomsSaison 8 Danseur/ses GiaNina
41%
Dance MomsSelect Ensemble Danseuses Kamryn
41%
Dance MomsSaison 8 Danseur/ses Kamryn
41%
Dance Moms Mères Kristie
41%
Dance Moms Danseuses Camryn
35%
Dance Moms Mère Kira
35%
Dance Moms Danseuses Sophia
35%
Dance MomsSaison 8 Mères Ann
29%
Dance Moms Mères Leslie
29%
Dance MomsSaison 8 Danseur/ses Pressley
29%
Dance MomsSaison 8 Danseur/ses Hannah
24%
Dance Moms Danseuses Maesi
24%
Dance MomsMini Team Mères Yolanda
24%
Dance MomsSaison 8 Mères Yolanda
24%
Dance Moms Mères Ashlee
18%
Dance Moms Mères Camille
18%
Dance MomsSaison 8 Mères Erin
18%
Dance Moms Mères Jaime
18%
Dance MomsSaison 8 Mères Joanne
18%
Dance MomsSaison 8 Mères Lakisha
18%
Dance MomsSaison 8 Mères Michelle
18%
Dance MomsSaison 8 Danseur/ses Paris
18%
Dance MomsSaison 8 Danseur/ses Savannah
18%
Dance MomsMini Team Mères Stacey
18%
Dance MomsSaison 8 Mères Stacey
18%
Dance MomsSaison 8 Mères Tricia
18%
Dance MomsMini Team Danseuses Alexus
12%
Dance MomsMini Team Danseuses Alysa
12%
Dance MomsMini Team Danseuses Areana
12%
Dance MomsSelect Ensemble Danseuses Jade
12%
Dance MomsSelect Ensemble Mères Jeannette
12%
Dance MomsMini Team Danseuses Kendyl
12%
Dance MomsMini Team Mères Kerri
12%
Dance MomsMini Team Mères Lynn
12%
Dance MomsMini Team Mères Mary
12%
Dance MomsMini Team Mères Sari
12%
Dance MomsSelect Ensemble Danseuses Tea
12%
Dance MomsMini Team Mères Tiffany
12%
Dance MomsSaison 8 Mères Adriana
6%
Dance MomsSaison 8 Mères Amanda
6%
Dance MomsSaison 8 Danseur/ses Berkleigh
6%
Dance Moms Mère Jackie
6%
Dance MomsSelect Ensemble Mères Jodi
6%
Dance MomsSelect Ensemble Mères Loree
6%
Dance MomsSelect Ensemble Mères Tami
6%
Dance MomsSelect Ensemble Mères Tracey
6%
Dance MomsSaison 8 Mères Ashely
0%
Aucun quiz correspondant
Distribution des résultats
% des personnes avec chaque résultat
Percentile par nombre de réponses
Votre historique - résultats
Vous n’avez pas pris ce quiz